| Tag |
First Indicator |
Second Indicator |
Subfields |
| LEADER |
00000cam a2200000Ii 4500 |
| 001 |
in00003710421 |
| 005 |
20170926145840.0 |
| 008 |
100727s2011 enkb b 001 0 eng |
| 010 |
|
|
|a 2010943332
|
| 015 |
|
|
|a GBB097934
|2 bnb
|
| 016 |
7 |
|
|a 015629189
|2 Uk
|
| 020 |
|
|
|a 9780199595167
|q (hbk.)
|
| 020 |
|
|
|a 019959516X
|q (hbk.)
|
| 035 |
|
|
|a (OCoLC)ocn656767749
|
| 035 |
|
|
|a (OCoLC)656767749
|
| 040 |
|
|
|a UKM
|b eng
|c UKM
|d YDXCP
|d ERASA
|d CDX
|d CGU
|d BWX
|d FDA
|d DLC
|d UKMGB
|d MIX
|d OCLCF
|d OCLCQ
|d ZCU
|d OCL
|d OCLCQ
|d S3O
|d NYP
|d TTU
|d OCL
|d UtOrBLW
|
| 043 |
|
|
|a ff-----
|a e------
|a aw-----
|
| 049 |
|
|
|a TXAM
|
| 050 |
|
4 |
|a HC39
|b .H37 2011
|
| 082 |
0 |
4 |
|a 330.937
|2 22
|
| 100 |
1 |
|
|a Harris, William V.
|q (William Vernon)
|0 http://id.loc.gov/authorities/names/n85381152
|
| 245 |
1 |
0 |
|a Rome's Imperial economy :
|b twelve essays /
|c W.V. Harris.
|
| 264 |
|
1 |
|a Oxford :
|b Oxford University Press,
|c 2011.
|
| 300 |
|
|
|a xiv, 370 pages :
|b maps ;
|c 24 cm
|
| 336 |
|
|
|a text
|b txt
|2 rdacontent
|
| 337 |
|
|
|a unmediated
|b n
|2 rdamedia
|
| 338 |
|
|
|a volume
|b nc
|2 rdacarrier
|
| 504 |
|
|
|a Includes bibliographical references and index.
|
| 505 |
0 |
0 |
|t Structures. On the applicability of the concept of class in Roman history ;
|t Poverty and destitution in the Roman Empire --
|t Slavery. Towards a study of the Roman slave trade ;
|t Demography, geography, and the sources of Roman slaves --
|t Production. Roman terracotta lamps : the organization of an industry ;
|t Production, distribution, and instrumentum domesticum --
|t Trade. Trade [70-192 AD] ;
|t Trade and the river Po : a problem in the economic history of the Roman Empire ;
|t Roman governments and commerce, 300 BC-AD 300 --
|t Money. A revisionist view of Roman money --
|t Overviews. The Roman economy in the Late Republic, 133-31 BC ;
|t Between archaic and modern : some current problems in the economic history of the High Roman Empire.
|
| 651 |
|
0 |
|a Rome
|x Economic conditions
|y 30 B.C.-476 A.D.
|0 http://id.loc.gov/authorities/subjects/sh97007572
|
| 651 |
|
0 |
|a Rome
|x Social conditions.
|0 http://id.loc.gov/authorities/subjects/sh95006770
|
| 650 |
|
7 |
|a Economic history.
|2 fast
|0 (OCoLC)fst00901974
|
| 650 |
|
7 |
|a Social conditions.
|2 fast
|0 (OCoLC)fst01919811
|
| 651 |
|
7 |
|a Rome (Empire)
|2 fast
|0 (OCoLC)fst01204885
|
| 650 |
|
7 |
|a Ekonomisk historia
|y antiken.
|2 sao
|
| 651 |
|
7 |
|a Romerska riket
|x ekonomiska förhållanden.
|2 sao
|
| 648 |
|
7 |
|a 30 B.C. - 476 A.D.
|2 fast
|
| 948 |
|
|
|a cataloged
|b h
|c 2016/10/21
|d c
|e kwilliams
|f 3:43:08 pm
|
| 994 |
|
|
|a C0
|b TXA
|
| 999 |
f |
f |
|s fa25d6fc-8dcf-3664-b352-e8aa4dc80624
|i 8563ba6c-5c0d-311d-b3ca-34313d6ef2cc
|t 0
|
| 952 |
f |
f |
|p normal
|a Texas A&M University
|b College Station
|c Sterling C. Evans Library
|d Evans: Library Stacks
|t 0
|e HC39 .H37 2011
|h Library of Congress classification
|i unmediated -- volume
|m A14843661126
|
| 998 |
f |
f |
|a HC39 .H37 2011
|t 0
|l Evans: Library Stacks
|